| 000 | 00568nam a22001697a 4500 | ||
|---|---|---|---|
| 008 | 161003b xxu||||| |||| 00| 0 eng d | ||
| 020 | _a0072548363 | ||
| 050 | _aLC 1099.3 .S3 2003 | ||
| 100 | _aedited by Schultz, Fred | ||
| 245 |
_aAnnual Editions: _bmulticultural education/ _cFred Schutz |
||
| 250 | _a10th ed. | ||
| 260 |
_aGuilford, CT: _bMcGraw-Hill/Dushkin, _c2003 |
||
| 300 |
_axvi, 207p. : _bill. ; |
||
| 500 | _aIncludes references and index. | ||
| 650 |
_aIntercultural education _xPeriodicals |
||
| 942 |
_2lcc _cBOOKS _hLC 1099.3 .S3 2003 |
||
| 999 |
_c14468 _d14468 |
||